000 00678nam a2200289Ia 4500
005 20260324150826.0
008 008 260324s9999 xx 000 0 eng d
020 _a9781003212102
037 _aEBOOK
040 _aCRL
040 _beng
040 _cCRL
041 _2eng
041 _aeng
084 _qCRL
100 _aEric Linklater
_91227747
245 4 _aThe Lion and the Unicorn
245 0 _bWhat England Has Meant to Scotland
260 _bTaylor and Francis
260 _c1935
365 _a
365 _b140
856 _uhttp://www.taylorfrancis.com/books/9781003212102
942 _cEBOOK
999 _c1837888
_d1837888